| 000 | 00000nas 2200000zi 4500 |
| 001 | 9.906187 |
| 003 | CaOODSP |
| 005 | 20240319133515 |
| 006 | m o d f |
| 007 | cr ||||||||||| |
| 008 | 211220d20182021oncar p o f0###b0fre|d |
| 040 | |aCaOODSP|bfre|erda|cCaOODSP |
| 041 | |afre|aeng |
| 043 | |an-cn--- |
| 086 | 1 |aAB20-1-PDF |
| 110 | 2 |aCommission de reĢvision agricole du Canada.|eauteur, |eorganisme de publication. |
| 245 | 10|aRapport annuel. |
| 246 | 15|aAnnual report |
| 264 | 1|aOttawa, Ontario : |bCommission de révision agricole du Canada = Canada Agricultural Review Tribunal |
| 310 | |aAnnuel |
| 336 | |atexte|btxt|2rdacontent/fre |
| 337 | |ainformatique|bc|2rdamedia/fre |
| 338 | |aressource en ligne|bcr|2rdacarrier/fre |
| 362 | 1 |aParaît depuis 2017/2018; ceased with: 2020/2021. |
| 500 | |aTitre de la page de titre additionelle : Annual report. |
| 546 | |aTexte en anglais et en français. |
| 588 | |aDescription d'après : 2018-2019. |
| 588 | |aDernière livraison consultée : 2020-2021. |
| 610 | 26|aCommission de révision agricole du Canada|vPériodiques. |
| 650 | 6|aDroit rural|zCanada|vPériodiques. |
| 655 | 7|aPériodiques|2rvmgf |
| 780 | 00|tRapport annuel |w(CaOODSP)9.502867 |
| 785 | 00|tRapport annuel.|w(CaOODSP)9.913766 |
| 791 | |tRapport annuel.|eeng|w(CaOODSP)9.906185 |